La sociedad no es social

Gardado en:
Detalles Bibliográficos
Autor Principal: Gutiérrez Sotelo, Humberto (Author)
Formato: Libro
Idioma:Lingua castelá
Publicado: Viña del Mar Ediciones Altazor 2012
Subjects:
Tags: Engadir etiqueta
Sen Etiquetas, Sexa o primeiro en etiquetar este rexistro!

MARC

LEADER 00000cam a2200000 a 4500
001 UCF3231
003 CL-VaPUC
008 121004e20120000CL |||||||||||||||||spa|d
020 |a 9789567472963 
082 0 4 |a 302  |b GUT  |2 21 
100 |a Gutiérrez Sotelo, Humberto  |e author  |9 565160 
245 1 3 |a La sociedad no es social 
300 |a 131 p 
942 |c BK 
945 |d 20121004 00:00:00  |a dcastane 
260 |a Viña del Mar  |b Ediciones Altazor  |c 2012 
650 0 |a Psicología social   |9 222894 
650 0 |a Sociología   |9 255410 
650 0 |a Antropología cultural y social   |9 265143 
650 0 |a Naturaleza humana   |9 308593 
583 |a last modification  |c 20121004 18:42:00  |k Rodrigo Vera 
999 |c 349696  |d 349694 
952 |0 0  |1 0  |4 0  |6 302_000000000000000_GUT_2012  |7 0  |8 A  |9 452427  |a BIBEDU  |b BIBEDU  |d 2019-11-22  |i 4911423  |o 302 GUT 2012  |p 4911423  |r 2019-11-22  |w 2019-11-22  |y BK  |k CUE 
952 |0 0  |1 0  |4 0  |6 302_000000000000000_GUT_2012  |7 0  |8 A  |9 452428  |a BIBING  |b BIBING  |d 2019-11-22  |i 491158K  |o 302 GUT 2012  |p 491158K  |r 2023-03-02  |w 2019-11-22  |y BK  |k CUI